First Names of Basketball Players - Statistics

General Stats
  • This quiz has been taken 71 times
    70 since last reset
  • The average score is 25 of 30
Answer Stats
First Names Last Names % Correct
LeBron James
100%
Stephen Curry
100%
Kobe Bryant
98%
Michael Jordan
98%
Kevin Durant
95%
Magic Johnson
95%
Larry Bird
93%
Kareem Abdul-Jabbar
91%
Kyrie Irving
90%
Scottie Pippen
90%
Luka Doncic
86%
Wilt Chamberlain
86%
Charles Barkley
84%
Tim Duncan
84%
Giannis Antetokounmpo
83%
Jayson Tatum
83%
Jerry West
83%
Nikola Jokić
83%
Shaquille O'Neil
83%
Allen Iverson
81%
Hakeem Olajuwon
79%
Anthony Davis
78%
Victor Wembanyama
78%
Julius Erving
76%
Patrick Ewing
76%
Anthony Edwards
74%
Donovan Mitchell
74%
Bill Russell
71%
Jalen Brunson
67%
Kawhi Leonard
67%
No matching quizzes found
Score Distribution
Percent of People with Each Score
Percentile by Number Answered
Your Score History
You have not taken this quiz since the last reset